How social movements imagine: Anthropology of protest and the newer social movements in India and South Africa (Record no. 394565)

MARC details
000 -LEADER
fixed length control field 00603 a2200205 4500
005 - DATE & TIME
control field 20260204144640.0
008 - FIXED-LENGTH DATA ELEMENTS--GENERAL INFORMATION
fixed length control field 260204b |||||||| |||| 00| 0 eng d
020 ## - ISBN
International Standard Book Number 9781032984407
Price Rs. 1595.00
040 ## - CATALOGING SOURCE
Original cataloging agency VIVEKANANDA LIBRARY
082 ## - DDC NUMBER
Classification number 305.8
Book Number S64H
100 ## - MAIN ENTRY--PERSONAL NAME
Personal name Sinha, Bobby Luthra
245 ## - TITLE STATEMENT
Title How social movements imagine: Anthropology of protest and the newer social movements in India and South Africa
260 ## - PUBLICATION, DISTRIBUTION, ETC. (IMPRINT)
Name of publisher, distributor, etc Routledge
Date of publication, distribution, etc 2025
Place of publication, distribution, etc New York
300 ## - PHYSICAL DESCRIPTION
Pages xiii, 297
650 ## - Subject
Subject Sociology
650 ## - Subject
Subject Social Groups
650 ## - Subject
Subject Social Movements
650 ## - Subject
Subject Social Problems
942 ## - ADDED ENTRY ELEMENTS (KOHA)
Koha item type Books
Holdings
Withdrawn status Lost status Source of classification or shelving scheme Damaged status Not for loan Location (home branch) Sublocation or collection (holding branch) Shelving location Date acquired Koha issues (times borrowed) Koha full call number Accession No. Koha date last seen Koha item type
    Dewey Decimal Classification     VIVEKANANDA LIBRARY VIVEKANANDA LIBRARY Vivekananda Library 22/01/2026   305.8 S64H 444453 22/01/2026 Books
© Designed and Maintained by Vivekananda Library, MDU Rohtak